000 01108nam a2200205Ii 4500
003 JO-AjNU
008 230605s9999||||xx |||||||||||||| ||und||
017 _a2012/10/4023
040 _aJO-AjNU
_bara
_erda
_cJO-AjNU
041 _aara
050 1 4 _aGR355 2012
100 3 _aجامعة فيلادلفيا - الاردن؛ تحرير وتقديم صالح خليل أبو أصبع، تحرير وتقديم محمد عبيد الله,
_eauthor
_943359
245 0 0 _aالثقافات الشعبية: دراسات في السرد والشعر والغناء: أوراق مؤتمر فيلادلفيا الدولي السادس عشر 21-24 تشرين الثاني ( نوفمبر) 2011: بحوث علمية محكمة = Philadelephia International Conference Popular Cultures 21-24 November 2011
264 3 1 _aعمان: جامعة فيلادلفيا، 2013
300 _a346ص
336 _atext
_btxt
_2rdacontent
337 _aunmediated
_bn
_2rdamedia
338 _avolume
_bnc
_2rdacarrier
650 4 _aالثقافة الشعبية - مؤتمرات - جامعة فيلادلفيا - الاردن
_943360
999 _aA18635
_c22203
_d22203